<?xml version="1.0" encoding="UTF-8"?>
<marc:record xmlns:marc="http://www.loc.gov/MARC21/slim">
   <marc:leader>00000nam a2200000 a 4500</marc:leader>
   <marc:datafield ind1="1" ind2=" " tag="100">
      <marc:subfield code="a">Wolf, Erich</marc:subfield>
      <marc:subfield code="4">aut</marc:subfield>
      <marc:subfield code="e">Verfasser/-in</marc:subfield>
   </marc:datafield>
   <marc:datafield ind1=" " ind2=" " tag="653">
      <marc:subfield code="a">Stiftungsrecht</marc:subfield>
   </marc:datafield>
   <marc:datafield ind1=" " ind2=" " tag="653">
      <marc:subfield code="a">Österreich</marc:subfield>
   </marc:datafield>
   <marc:datafield ind1=" " ind2=" " tag="653">
      <marc:subfield code="a">Gründungsakt</marc:subfield>
   </marc:datafield>
   <marc:datafield ind1=" " ind2=" " tag="653">
      <marc:subfield code="a">Laufende Besteuerung</marc:subfield>
   </marc:datafield>
   <marc:datafield ind1=" " ind2=" " tag="653">
      <marc:subfield code="a">Auflösung und Widerruf</marc:subfield>
   </marc:datafield>
   <marc:datafield ind1=" " ind2=" " tag="653">
      <marc:subfield code="a">Organe</marc:subfield>
   </marc:datafield>
   <marc:datafield ind1=" " ind2=" " tag="653">
      <marc:subfield code="a">Rechtsprechung</marc:subfield>
   </marc:datafield>
   <marc:datafield ind1=" " ind2=" " tag="653">
      <marc:subfield code="a">Softcover / Recht/Steuern</marc:subfield>
   </marc:datafield>
   <marc:datafield ind1="0" ind2="0" tag="245">
      <marc:subfield code="a">Österreichische Privatstiftung</marc:subfield>
   </marc:datafield>
   <marc:datafield ind1="0" ind2="0" tag="245">
      <marc:subfield code="b">von der Gründung bis zur Auflösung</marc:subfield>
   </marc:datafield>
   <marc:datafield ind1="0" ind2="0" tag="245">
      <marc:subfield code="c">Erich Wolf</marc:subfield>
   </marc:datafield>
   <marc:datafield ind1=" " ind2="1" tag="264">
      <marc:subfield code="a">Graz</marc:subfield>
      <marc:subfield code="b">Dbv</marc:subfield>
      <marc:subfield code="c">2012</marc:subfield>
   </marc:datafield>
   <marc:datafield ind1="1" ind2=" " tag="490">
      <marc:subfield code="a">Leifaden</marc:subfield>
   </marc:datafield>
   <marc:datafield ind1=" " ind2=" " tag="250">
      <marc:subfield code="a">4. Aufl.</marc:subfield>
   </marc:datafield>
   <marc:datafield ind1="1" ind2=" " tag="520">
      <marc:subfield code="a">Angaben aus der Verlagsmeldung

Österreichische Privatstiftung von der Gründung bis zur Auflösung / von Erich Wolf

Die 4. wesentlich erweiterte und aktualisierte Auflage des Standardwerkes für Stiftungsliteratur gibt in möglichst einfacher Sprache das Wichtigste zum Thema Privatstiftung wieder – ohne auf die nötige Tiefe zu verzichten.

Die Aktualisierung ist aufgrund der Vielzahl von Änderungen der steuerlichen Rahmenbedingungen notwendig geworden (Anhebung der Zwischenkörperschaftsteuer, neue Wertpapiersteuer und neue Immobiliensteuer). Im Zivilrecht gibt es positive Neuigkeiten zu berichten: Die Mitbestimmungsrechte für Stifter in den Beiräten wurden erleichtert.

Die österreichische Privatstiftung kann heutzutage in einigen Fällen immer noch eine interessante Rechtsform für Vermögen sein. In vielen Situation werden sich die Stiftungsvorstände oder Stifter oder ihre Erben bzw Vertrauenspersonen aber umgekehrt fragen: Wie kommt die Stiftung aus der Mausefalle „Privatstiftung“ wieder heraus? Und zwar, ohne dass die „Exit-Besteuerung“ das gesamte Vermögen auffrisst? Seit der Geburtsstunde des Privatstiftungsgesetzes im Jahre 1993 haben wir vierzehn (!) Verschlechterungen des Stiftungssteuerrechtes erlebt. Die Frage „Wie komme ich aus der Stiftung wieder heraus?“ ist daher von großer praktischer Relevanz. Umso erstaunlicher ist, dass die Fachliteratur dieses Thema kaum behandelt hat. Der Leitfaden möchte eine Lücke schließen. Hier erfahren Sie, mit welchen Konsequenzen bei einer Auflösung zu rechnen sind.

Viele praktische Beispiele, Tipps und Hinweise machen den Leitfaden zu einem wertvollen Praxisbegleiter für Stifter, Stiftungsvorstände, deren Berater sowie die interessierte Öffentlichkeit.
</marc:subfield>
   </marc:datafield>
   <marc:datafield ind1=" " ind2=" " tag="020">
      <marc:subfield code="a">9783704105370</marc:subfield>
      <marc:subfield code="9">9783704105370</marc:subfield>
   </marc:datafield>
   <marc:datafield ind1=" " ind2=" " tag="041">
      <marc:subfield code="a">ger</marc:subfield>
   </marc:datafield>
   <marc:datafield ind1=" " ind2=" " tag="300">
      <marc:subfield code="a">144 S.</marc:subfield>
   </marc:datafield>
</marc:record>
